|
|
|
|
| LEADER |
01663cas a2200241 a 4500 |
| 001 |
AALejournalIMF003155 |
| 008 |
230101c9999 xx r poo 0 0eng d |
| 020 |
|
|
|c 5.00 USD
|
| 020 |
|
|
|z 9781451828917
|
| 022 |
|
|
|a 1934-7685
|
| 040 |
|
|
|a BD-DhAAL
|c BD-DhAAL
|
| 110 |
2 |
|
|a International Monetary Fund.
|
| 245 |
1 |
0 |
|a Nigeria :
|b Staff Report for the 2004 Article IV Consultation.
|
| 264 |
|
1 |
|a Washington, D.C. :
|b International Monetary Fund,
|c 2004.
|
| 300 |
|
|
|a 1 online resource (111 pages)
|
| 490 |
1 |
|
|a IMF Staff Country Reports
|
| 500 |
|
|
|a <strong>Off-Campus Access:</strong> No User ID or Password Required
|
| 500 |
|
|
|a <strong>On-Campus Access:</strong> No User ID or Password Required
|
| 506 |
|
|
|a Electronic access restricted to authorized BRAC University faculty, staff and students
|
| 520 |
3 |
|
|a This 2004 Article IV Consultation highlights that real GDP growth in Nigeria accelerated in 2003 on account of sharply higher oil and gas production and continued robust growth in the non-oil economy. Owing to favorable terms-of-trade developments, the external current account deficit narrowed sharply. This, however, masks rising non-oil import pressures and a widening non-oil external current account deficit. Macroeconomic conditions have improved considerably since late 2003, owing largely to fiscal prudence. The fiscal restraint that began in the last quarter of 2003 continued in the first half of 2004.
|
| 538 |
|
|
|a Mode of access: Internet
|
| 830 |
|
0 |
|a IMF Staff Country Reports; Country Report ;
|v No. 2004/239
|
| 856 |
4 |
0 |
|z Full text available on IMF
|u http://elibrary.imf.org/view/journals/002/2004/239/002.2004.issue-239-en.xml
|z IMF e-Library
|